[Event "RUS-Cup5"]
[Site "Ekaterinburg"]
[Date "1997.??.??"]
[Round "4"]
[White "Lisenko, Alexander V"]
[Black "Temirbaev, Serik"]
[Result "0-1"]
[WhiteElo "2385"]
[BlackElo "2495"]

1.Nf3 Nf6 2.c4 g6 3.d4 Bg7 4.g3 O-O 5.Bg2 d6 6.O-O Nc6 7.d5 Na5 8.Nfd2 c5
9.Nc3 e5 10.a3 b6 11.b4 Nb7 12.e4 Ng4 13.Bb2 f5 14.exf5 gxf5 15.h3 Nf6 16.f4 e4
17.Qe2 Bd7 18.Nd1 Qe8 19.Rf2 cxb4 20.axb4 a5 21.Qe3 axb4 22.Qxb6 Nc5 23.Rxa8 Qxa8
24.Qxd6 Nd3 25.Bxf6 Bxf6 26.Qxd7 Nxf2 27.Kxf2 Qa2 28.Ke2 Qc2 29.Qe6+ Rf7
30.Qxf5 Qd3+ 31.Ke1 Qxg3+ 32.Kf1 Qd3+  0-1

[Event "Faro op"]
[Site "Faro"]
[Date "1997.??.??"]
[Round "8"]
[White "Santos, Luis"]
[Black "Damaso, Rui"]
[Result "1/2-1/2"]
[WhiteElo "2370"]
[BlackElo "2485"]

1.d4 Nf6 2.Nf3 d6 3.g3 g6 4.Bg2 Bg7 5.c4 O-O 6.Nc3 c6 7.h3 Qa5 8.Bd2 Qa6
9.b3 d5 10.cxd5 cxd5 11.Ne5 Nc6 12.Nxc6 bxc6 13.O-O Bf5 14.Na4 Ne4 15.Bb4 Rfe8
16.g4 Bc8 17.Bxe4 dxe4 18.Qd2 e5 19.Nc5 Qb6 20.Ba5 Qb8 21.d5 Qd6 22.Nxe4 Qxd5  1/2-1/2

[Event "FRA-chT9697 groupe B"]
[Site "France"]
[Date "1997.??.??"]
[Round "2"]
[White "David, Vincent"]
[Black "Claverie, Christophe"]
[Result "1/2-1/2"]
[WhiteElo "2220"]
[BlackElo "2285"]

1.d4 Nf6 2.c4 d6 3.Nf3 g6 4.g3 Bg7 5.Bg2 O-O 6.O-O Nc6 7.Nc3 a6 8.d5 Na5
9.Nd2 c5 10.Rb1 Rb8 11.b3 b5 12.Bb2 e5 13.Qc2 h5 14.e3 Bh6 15.Rfe1 Bf5 16.Nce4 Nxe4
17.Nxe4 Bg7 18.Bc3 b4 19.Bb2 Qe7 20.Ra1 Nb7 21.a3 a5 22.Ra2 Rbc8 23.Qd1 Bxe4
24.Bxe4 f5 25.Bg2 e4 26.Bxg7 Qxg7 27.h4 bxa3 28.Rxa3 Qc3 29.Qa1 Qxa1 30.Rexa1 Ra8
31.Bf1 Ra6 32.Be2 Rfa8 33.Kf1 Rb6 34.Ke1 Rb4 35.Bd1 Kf8 36.Kd2 Ke7 37.Kc3 Kd7
38.Be2 Re8 39.Rf1  1/2-1/2

[Event "FRA-chT9697 groupe A"]
[Site "France"]
[Date "1997.??.??"]
[Round "3"]
[White "Boutroy, Alexis"]
[Black "Werner, Clemens"]
[Result "0-1"]
[WhiteElo "2210"]
[BlackElo "2350"]

1.Nf3 Nf6 2.c4 g6 3.g3 Bg7 4.Bg2 d6 5.d4 O-O 6.O-O Nbd7 7.Nc3 e5 8.Qc2 exd4
9.Nxd4 Nb6 10.Rd1 Nxc4 11.Ncb5 a6 12.Qxc4 axb5 13.Nxb5 Ne8 14.Qb4 Qe7 15.Be3 Bf5
16.Nd4 Be4 17.Qd2 Bxg2 18.Kxg2 Nf6 19.Bh6 Ne4 20.Qe3 Bxh6 21.Qxh6 d5 22.Nf3 c6
23.a3 Rfe8 24.e3 Qf6 25.Rd4 Rad8 26.Qf4 Qg7 27.Nd2 f5 28.b4 Nxd2  0-1

[Event "Frydek-Mistek op-A"]
[Site "Frydek-Mistek"]
[Date "1997.??.??"]
[Round "4"]
[White "Matlak, Marek"]
[Black "Cherevatenko, Roman"]
[Result "0-1"]
[WhiteElo "2455"]
[BlackElo "2395"]

1.d4 Nf6 2.Nf3 g6 3.c4 Bg7 4.g3 O-O 5.Bg2 d6 6.O-O Nc6 7.Nc3 e5 8.d5 Ne7
9.e4 Bg4 10.Be3 Nd7 11.Qd2 Bxf3 12.Bxf3 f5 13.Be2 Nf6 14.f3 h5 15.Kg2 Kh7
16.c5 fxe4 17.fxe4 Neg8 18.Qd3 Bh6 19.Bg1 a6 20.b4 Rf7 21.a4 h4 22.Bg4 Rg7
23.Be6 hxg3 24.hxg3 Nh5 25.Be3 Kh8 26.Bxg8 Bxe3 27.Qxe3 Kxg8 28.c6 b6 29.Qh6 Qe7
30.Rh1 a5 31.bxa5 Rxa5 32.Raf1 Rc5 33.Rf3 Rc4 34.Rhf1 Rb4 35.Nb5 Rb2+ 36.Kg1 Nf4
37.gxf4 Rh7 38.Qg5 Rh1+ 39.Kxh1 Qh7+  0-1

[Event "Frydek-Mistek op-B"]
[Site "Frydek-Mistek"]
[Date "1997.??.??"]
[Round "7"]
[White "Splosnov, Sergei"]
[Black "Ianov, Viktor"]
[Result "1/2-1/2"]
[WhiteElo "2280"]
[BlackElo "2310"]

1.d4 Nf6 2.Nf3 g6 3.g3 Bg7 4.Bg2 O-O 5.c4 d6 6.O-O Nbd7 7.Nc3 e5 8.h3 exd4
9.Nxd4 Re8 10.b3 Nc5 11.Bb2 c6 12.e3 a5 13.Qc2 Qb6 14.Rad1 h5 15.Nce2 a4
16.Bc3 axb3 17.axb3 d5 18.Ra1 Bd7 19.Nf4 Rxa1 20.Bxa1 dxc4 21.Qxc4 Nce4 22.Nf3 Qc5
23.Qxc5 Nxc5 24.Rd1 Bc8 25.Nd4 Rd8 26.Rc1 Na6 27.Bc3 Re8 28.Bf1 Nc7 29.Ba5 Ncd5
30.Nxd5 Nxd5 31.Rd1 Bd7 32.Bg2 Ra8 33.Be1 Nb6 34.Bb4 Bf8 35.Bc3 Ra3 36.Ra1 Rxa1+
37.Bxa1 Bg7 38.Bc3 Kf8 39.Kf1 Ke8 40.Ke1 Ke7 41.Kd2  1/2-1/2

[Event "Frydek-Mistek op-A"]
[Site "Frydek-Mistek"]
[Date "1997.??.??"]
[Round "8"]
[White "Matlak, Marek"]
[Black "Khmelnitsky, Sergei"]
[Result "1-0"]
[WhiteElo "2455"]
[BlackElo "2305"]

1.d4 Nf6 2.Nf3 g6 3.c4 Bg7 4.g3 d6 5.Bg2 O-O 6.O-O Nbd7 7.Qc2 e5 8.Rd1 Re8
9.e4 exd4 10.Nxd4 Nc5 11.Nc3 a5 12.Ndb5 Be6 13.Be3 Na6 14.b3 Ng4 15.Bd4 Ne5
16.f4 Ng4 17.Qd2 Qe7 18.Bxg7 Kxg7 19.h3 Nf6 20.Re1 Rad8 21.Nd5 Bxd5 22.exd5 Qd7
23.Qxa5 Rxe1+ 24.Rxe1 Re8 25.Kh2 h5 26.Rxe8 Qxe8 27.Qd2 Qe7 28.b4 Nb8 29.Qc3 Na6
30.Nd4 Kg8 31.a3 Nd7 32.Nf3 Nb6 33.Ng5 Nd7 34.Ne4 Kh7 35.Qe3 Qd8 36.c5 Nf6
37.Ng5+ Kg8 38.c6 bxc6 39.dxc6 Kf8 40.Qd4 Ke7 41.Qc4  1-0

[Event "BL2-S9697"]
[Site "Germany"]
[Date "1997.??.??"]
[Round "?.4"]
[White "Hasecic, Sabahudin"]
[Black "Luft, Andreas"]
[Result "1/2-1/2"]
[WhiteElo "2305"]
[BlackElo "2295"]

1.d4 Nf6 2.Nf3 g6 3.c4 Bg7 4.g3 O-O 5.Bg2 d6 6.O-O Nc6 7.d5 Na5 8.Nfd2 c5
9.Nc3 a6 10.Qc2 Rb8 11.b3 b5 12.Bb2 Bh6 13.f4 bxc4 14.bxc4 e5 15.dxe6 Bxe6
16.Nd5 Rxb2 17.Qxb2 Bg7 18.Qa3 Nxc4 19.Nxc4 Nxd5 20.Rac1 Nb4 21.Rfd1 d5 22.Nb2 Qe7
23.Nd3 Bd4+ 24.Kh1 Be3 25.Rb1 Bf5 26.Nxb4 cxb4 27.Qxb4 Bc5 28.Qb7 Bxb1 29.Qxe7 Bxe7
30.Rxb1 Rd8 31.Rb6 Rd6 32.Rxd6 Bxd6 33.Bxd5 Kf8 34.Kg2 Ke7 35.Kf3 a5 36.a4 Bc5
37.e4 h5 38.h3 Bb4 39.g4 hxg4+ 40.Kxg4 Kf6 41.e5+ Kg7 42.h4 Be7 43.h5 gxh5+
44.Kxh5 f6  1/2-1/2

[Event "BL2-S9697"]
[Site "Germany"]
[Date "1997.??.??"]
[Round "?.4"]
[White "Hasecic, Sabahudin"]
[Black "Mandel, Andreas"]
[Result "1-0"]
[WhiteElo "2305"]
[BlackElo "2360"]

1.d4 Nf6 2.Nf3 g6 3.c4 Bg7 4.g3 O-O 5.Bg2 d6 6.O-O Nbd7 7.Nc3 e5 8.e4 c6
9.h3 exd4 10.Nxd4 Qb6 11.Re1 Re8 12.Re2 Ng4 13.Rd2 Nge5 14.b3 Nc5 15.Nde2 Bxh3
16.Bxh3 Nf3+ 17.Kg2 Nxd2 18.Bxd2 Nxe4 19.Be1 Ng5 20.Rc1 Rad8 21.Nf4 Nxh3
22.Nxh3 Qc5 23.Nf4 Qf5 24.Qf3 Bh6 25.Bd2 d5 26.cxd5 Bxf4 27.Bxf4 cxd5 28.Nb5 Qe4
29.Nd6 Qxf3+ 30.Kxf3 Re7 31.Rd1 f6 32.Rxd5 Red7 33.g4 Kf8 34.Rd2 Kg8 35.Ke4 Re7+
36.Kd5 Kg7 37.g5 Rdd7 38.Rd3 fxg5 39.Bxg5 Re1 40.Be3 Re7 41.Bd4+ Kh6 42.Bf6 Kh5
43.Bxe7 Rxe7 44.Re3 Rc7 45.a4 Kg4 46.Nc4 Kf4 47.Ne5 Rc2 48.Rf3+ Kg5 49.Rf7 Rd2+
50.Ke4 Re2+ 51.Kd4 h5 52.f4+ Kh6 53.Rxb7 h4 54.Kd3 Rg2 55.Ke3 h3 56.Kf3 Rg1
57.Nf7+ Kh5 58.Rb8 g5 59.Rh8+ Kg6 60.Nxg5 Rb1 61.Rxh3 Kf5 62.Ke2 Kxf4 63.Ne6+ Ke5
64.Re3+ Kd5 65.Kd2 a5 66.Kc2 Rf1 67.Nc7+ Kd4 68.Rd3+ Kc5 69.Nb5 Rh1 70.Rc3+ Kd5
71.Rc8 Rg1 72.Nc3+ Kd6 73.Kb2 Rh1 74.Ra8 Rh5 75.Ra6+ Kc5 76.Rxa5+ Kb4 77.Rb5+  1-0

[Event "BL2-S9697"]
[Site "Germany"]
[Date "1997.??.??"]
[Round "?.4"]
[White "Mandel, Andreas"]
[Black "Lentrodt, Thomas"]
[Result "1/2-1/2"]
[WhiteElo "2360"]
[BlackElo "2285"]

1.d4 Nf6 2.Nf3 g6 3.c4 Bg7 4.g3 O-O 5.Bg2 d6 6.O-O Nc6 7.Nc3 a6 8.d5 Na5
9.Nd2 c5 10.Qc2 Rb8 11.b3 b5 12.Bb2 bxc4 13.bxc4 Ng4 14.Nd1 e5 15.Bc3 Bd7
16.e4 f5 17.exf5 gxf5 18.h3 Nh6 19.f4 e4 20.Bxg7 Kxg7 21.Qc3+ Qf6 22.Qxf6+ Kxf6
23.Re1 Kg7 24.Ne3 Rb4 25.Reb1 Rfb8 26.Rxb4 Rxb4 27.Rb1 Rxb1+ 28.Nxb1 Ng8
29.Nd2 Nf6 30.Bf1 h5 31.Be2 Kg6 32.Kf2 Nb7 33.Bd1 Nd8 34.Bc2 Nf7 35.Ng2 Nh8
36.Nf1 Kh6 37.Nh4 Ng6 38.Nxg6 Kxg6 39.Ne3 Kf7 40.Bd1 Kg6 41.Ke1 Ng8 42.Kd2 Ne7
43.Ng2 Nc8 44.Kc3 Nb6 45.Ne3 Nc8 46.Bc2 Ne7 47.Ng2 Kf6 48.Bd1 Kg6 49.Kb2 Nc8
50.Nh4+ Kh6 51.Kc3 Nb6 52.Bc2 Nc8 53.Bd1 Ne7 54.Kd2 Ng8 55.Ng2 Nf6 56.Ke3 Kg7
57.Kf2 Kf7 58.Ne3 Ke7 59.h4 Kd8 60.Ke1 Kc7 61.Kd2 Kb6 62.Kc3 Ka5 63.Bc2 Ne8
64.Bd1 Ng7 65.Bc2 Be8 66.Bd1 Bg6 67.Kb3 Ne8 68.Kc3 Nf6 69.Kb3 Nd7 70.Be2 Nb6
71.Bf1 Nc8 72.Bh3 Ne7 73.Ka3 Kb6 74.Kb3 Kc7 75.Ka4 Kb6 76.Kb3  1/2-1/2

[Event "BL9697 (Women)"]
[Site "Germany"]
[Date "1997.??.??"]
[Round "?"]
[White "Litinskaya, Marta I"]
[Black "Fichtner, Kathrin"]
[Result "1-0"]
[WhiteElo "2355"]
[BlackElo "2140"]

1.d4 Nf6 2.c4 g6 3.Nf3 Bg7 4.g3 d6 5.Bg2 O-O 6.O-O Nbd7 7.Nc3 e5 8.e4 exd4
9.Nxd4 Nc5 10.h3 Re8 11.Re1 a5 12.Ndb5 a4 13.Bg5 Bd7 14.Qd2 Bxb5 15.cxb5 Ne6
16.Be3 Nd7 17.Rad1 Ne5 18.Qc2 Qd7 19.b3 axb3 20.Qxb3 Qc8 21.b6 Nd7 22.Nb5 Ndc5
23.Qb1 Ra6 24.bxc7 Bf8 25.Rc1 Nxc7 26.Nxd6 Bxd6 27.Bxc5 Bxc5 28.Rxc5 Qb8
29.Rd1 Ne6 30.Rb5 Qa8 31.Rd2 b6 32.Rxb6 Nc5 33.Rxa6 Qxa6 34.Rb2 Qa7 35.Rc2 Nd3
36.Rd2 Ne5 37.Qd1 Qa5 38.a4 Ra8 39.Rd5 Qc3 40.Rd8+ Rxd8 41.Qxd8+ Kg7 42.Qd1 Nc4
43.Qb1 Nd2 44.Qa2 Nc4 45.Kh2 h5 46.h4 Ne5 47.a5 Ng4+ 48.Kg1 Qe1+ 49.Bf1 Ne5
50.Qd5 Nf3+ 51.Kg2 Qc3 52.a6 Ne1+ 53.Kh1 Qf3+ 54.Kg1 Qg4 55.a7 Nf3+ 56.Kh1 Nxh4
57.Qe5+ f6 58.Qc7+  1-0

[Event "BL9798 (Women)"]
[Site "Germany"]
[Date "1997.??.??"]
[Round "?.4"]
[White "Mueller, Andrea"]
[Black "Guenther, Anetta"]
[Result "1-0"]
[WhiteElo "2115"]
[BlackElo "2105"]

1.d4 Nf6 2.c4 g6 3.Nf3 Bg7 4.g3 d6 5.Bg2 O-O 6.O-O Nc6 7.Nc3 e5 8.d5 Ne7
9.c5 Ne8 10.cxd6 cxd6 11.e4 h6 12.Nd2 f5 13.Nc4 Bd7 14.a4 f4 15.Nb5 Nc8 16.b3 Qf6
17.f3 h5 18.g4 hxg4 19.fxg4 Rf7 20.h3 Bf8 21.Nd2 Rh7 22.Bb2 Qh4 23.Nf3 Qh6
24.Rc1 g5 25.Qe2 Ne7 26.Nc7 Rb8 27.Rc3 Nf6 28.Ne6 Bxe6 29.dxe6 Nc6 30.Rd1 Qg6
31.Rc4 Be7 32.Ba3 Ne8 33.b4 Qxe6 34.Rdc1 Bf6 35.Qc2 Nd4 36.Nxd4 exd4 37.Qd3 Rd8
38.Bb2 Qd7 39.Bxd4 Qxa4 40.Bxf6 Nxf6 41.e5 Ne8 42.Qg6+ Kh8 43.Bd5 Ng7 44.Qxg5 Qe8
45.Rc7 dxe5 46.Be4 Qf8 47.Bxh7 Kxh7 48.Rxg7+  1-0

[Event "BL2-S9697"]
[Site "Germany"]
[Date "1997.??.??"]
[Round "?.3"]
[White "Mandel, Andreas"]
[Black "Stanec, Nikolaus"]
[Result "1/2-1/2"]
[WhiteElo "2360"]
[BlackElo "2460"]

1.d4 Nf6 2.Nf3 g6 3.c4 Bg7 4.g3 O-O 5.Bg2 d6 6.O-O c6 7.Nc3 Qa5 8.h3 Be6
9.d5 cxd5 10.Nd4 Bd7 11.cxd5 Rc8 12.Be3 Be8 13.Qd2 Nbd7 14.Rfc1 a6 15.Rab1 Qd8
16.Bh6 Bxh6 17.Qxh6 Rc4 18.Qd2 Rac8 19.e3 Qc7 20.Nb3 Nc5 21.Nxc5 Rxc5 22.Ne2 Qb6
23.Rxc5 Rxc5 24.Rc1 Bb5 25.Rxc5 Qxc5 26.Nc3 Bd7 27.a3 a5 28.h4 Bf5 29.Qe2 Bd7
30.Qd2 Ng4 31.Ne4 Qc7 32.Qc3 Qxc3 33.Nxc3 Ne5 34.Bf1 Kf8 35.Be2 Ke8 36.f4 Ng4
37.e4 Kd8 38.Bxg4 Bxg4 39.Kf2 Kc7  1/2-1/2

[Event "Oberliga Nord N9697"]
[Site "Germany"]
[Date "1997.??.??"]
[Round "?"]
[White "Pajeken, Wolfgang"]
[Black "Sahlender, Frank"]
[Result "1-0"]
[WhiteElo "2245"]
[BlackElo "2250"]

1.d4 g6 2.Nf3 Bg7 3.g3 Nf6 4.Bg2 O-O 5.c4 d6 6.O-O c5 7.Nc3 Nc6 8.dxc5 dxc5
9.Be3 Be6 10.Qa4 Qb6 11.Qb5 Nd7 12.Ng5 Nd4 13.Bxd4 cxd4 14.Nxe6 dxc3 15.Nxf8 cxb2
16.Rad1 Qxb5 17.cxb5 Nxf8 18.Bxb7 Rb8 19.Bc6 Ne6 20.e3 Nc5 21.Kg2 e6 22.f4 f5
23.Kf2 Bf6 24.Kf3 Rb6 25.Rd2 Na4 26.Rc2 Bc3 27.Rb1 a6 28.Rbxb2 Nxb2 29.Rxc3 axb5
30.Bd7 Na4 31.Rc6 Rxc6 32.Bxc6 Nc3 33.a3 Nb1 34.Bxb5 Nxa3 35.Bd3 Kf7 36.g4 Ke7
37.e4 fxg4+ 38.Kxg4 h6 39.e5 Kf7 40.h4 Kg7 41.Kf3 Kf7  1-0

[Event "Oberliga Nord N9697"]
[Site "Germany"]
[Date "1997.??.??"]
[Round "?"]
[White "Kittler, Thorsten"]
[Black "Trisic, Alexandar"]
[Result "0-1"]
[WhiteElo "2225"]
[BlackElo "2260"]

1.d4 Nf6 2.Nf3 g6 3.c4 Bg7 4.g3 O-O 5.Bg2 d6 6.O-O Nbd7 7.Nc3 e5 8.e4 exd4
9.Nxd4 Re8 10.Re1 Nc5 11.h3 a5 12.Kh2 a4 13.Rb1 Nfd7 14.f4 c6 15.Be3 Qa5
16.Nde2 Bf8 17.Bd4 Qb4 18.b3 axb3 19.axb3 Ra3 20.Nc1 Ne6 21.N3a2 Qxe1 22.Qxe1 Nxd4
23.Qf2 Bg7 24.Nb4 Nc5 25.Nc2 Nxc2 26.Qxc2 f5 27.Nd3 Nxe4 28.Re1 Bd7 29.Nb4 Nc5
30.Rxe8+ Bxe8 31.Qd1 Bf8 32.Nd3 Nxb3 33.Qe2 Ra8 34.Qb2 Na5 35.Qc3 Bf7 36.c5 Nc4
37.cxd6 Bxd6 38.Ne5 Nxe5 39.fxe5 Bc7 40.Qb4 Bxe5 41.Qxb7 Ra3 42.Qxc6 Bxg3+
43.Kg1 Ra1+ 44.Bf1 Be5 45.Kg2 Ra2+ 46.Kg1 Kg7 47.Qc5 Bf6 48.Qc7 Ra4 49.Bb5 Re4
50.Kf1 h5 51.Kg2 Re7 52.Qd6 Re5 53.Qd7 Re7 54.Qd6 Bb3 55.Qd3 Be6 56.Qd6 Bf7
57.Kf3 g5 58.Kg2 Kg6 59.Bd3 Re5 60.Kf2 g4 61.hxg4 hxg4 62.Bf1 Kg5 63.Ba6 f4
64.Bc8 g3+ 65.Kg1 Rd5  0-1

[Event "Landesliga Sued 9697 Bayern"]
[Site "Germany"]
[Date "1997.??.??"]
[Round "?"]
[White "Egger, Thomas"]
[Black "Herb, Stefan"]
[Result "1-0"]
[WhiteElo "2280"]
[BlackElo "2120"]

1.Nf3 g6 2.g3 Bg7 3.d4 Nf6 4.Bg2 O-O 5.c4 d6 6.O-O Nbd7 7.Qc2 e5 8.Rd1 Re8
9.e3 c6 10.Nc3 a6 11.dxe5 dxe5 12.b3 Qa5 13.Bb2 Nf8 14.h3 Bf5 15.e4 Bd7 16.Na4 b5
17.Nc5 Qb6 18.cxb5 cxb5 19.Nxe5 Rac8 20.b4 Ne6 21.Nexd7 Nxd7 22.Rxd7 Nxc5
23.bxc5 Qe6 24.Rd5  1-0

[Event "BL2-W9697"]
[Site "Germany"]
[Date "1997.??.??"]
[Round "?.1"]
[White "Grabarczyk, Miroslaw"]
[Black "Kosten, Anthony C"]
[Result "1/2-1/2"]
[WhiteElo "2480"]
[BlackElo "2535"]

1.d4 Nf6 2.c4 g6 3.Nf3 Bg7 4.g3 O-O 5.Bg2 d6 6.O-O Nc6 7.Nc3 a6 8.b3 Rb8
9.Nd5 Ne4 10.Bb2 f5 11.Rc1 Bd7 12.Nc3 e6 13.e3 Nxc3 14.Bxc3 Qe7 15.d5 Nd8
16.dxe6 Bxc3 17.Rxc3 Bc6 18.Nd4 Bxg2 19.Kxg2 Rf6 20.Qf3 Nxe6 21.Nxe6 Rxe6
22.Qd5 Qf7 23.b4 Re5 24.Qxf7+ Kxf7 25.Rd1  1/2-1/2

[Event "BL2-S9697"]
[Site "Germany"]
[Date "1997.??.??"]
[Round "?.8"]
[White "Schuh, Hubert"]
[Black "Osorios Ortiz, Marcos"]
[Result "0-1"]
[WhiteElo "2315"]
[BlackElo "2265"]

1.d4 Nf6 2.Nf3 g6 3.c4 Bg7 4.g3 O-O 5.Bg2 d6 6.O-O Nbd7 7.Qc2 e5 8.Rd1 Re8
9.e4 exd4 10.Nxd4 a6 11.f3 Rb8 12.Nc3 Ne5 13.c5 Bd7 14.cxd6 cxd6 15.Bg5 h6
16.Be3 d5 17.h3 dxe4 18.fxe4 Qc8 19.g4 h5 20.gxh5 Nxh5 21.Nd5 Nc4 22.Bg5 Bxh3
23.Ne7+ Rxe7 24.Bxe7 Bxg2 25.Nf5 Bxe4 26.Qxe4 gxf5 27.Qh4 Qe6 28.Qxh5 Qxe7
29.Qxf5 Re8 30.Rd7 Qe3+ 31.Kh1 Qh6+ 32.Kg1 Nd6  0-1

[Event "BL2-S9697"]
[Site "Germany"]
[Date "1997.??.??"]
[Round "?.7"]
[White "Ostl, Andreas"]
[Black "Carstens, Andreas"]
[Result "1/2-1/2"]
[WhiteElo "2280"]
[BlackElo "2280"]

1.d4 Nf6 2.Nf3 g6 3.c4 Bg7 4.g3 O-O 5.Bg2 d6 6.O-O Nc6 7.Nc3 a6 8.h3 Rb8
9.a4 a5 10.e4 e5 11.Be3 Bd7 12.Kh2 Qe7 13.Qd2 Nb4 14.Rfe1 c6 15.Rad1 Rbd8
16.dxe5 dxe5 17.Bb6 Rc8 18.Bxa5 Na6 19.Bb6 Qb4 20.a5 Rfe8 21.Bf1 h6 22.Qc2 Qe7
23.Be3 Qb4 24.Ra1 Qe7 25.Na4 Nb4 26.Qb1 Bf8 27.Nb6 Rcd8 28.c5 Qe6 29.Nc4 Bc8
30.Nfxe5 Nd7 31.Nxd7 Bxd7 32.Nb6 Qb3 33.Qd1 Be6 34.Qxb3 Bxb3 35.Rac1 Rxe4
36.Bc4 Bxc4 37.Rxc4 Rxc4 38.Nxc4 Nc2 39.Re2  1/2-1/2

[Event "Oberliga Ost B9798"]
[Site "Germany"]
[Date "1997.??.??"]
[Round "?.2"]
[White "Gmeiner, Peter"]
[Black "Duncker, Joachim"]
[Result "0-1"]
[WhiteElo "2250"]
[BlackElo "2265"]

1.d4 Nf6 2.Nf3 g6 3.c4 Bg7 4.g3 O-O 5.Bg2 d6 6.O-O Nc6 7.Nc3 e5 8.d5 Ne7
9.c5 Ne8 10.cxd6 Nxd6 11.Be3 b6 12.Qa4 Bd7 13.Qb3 Qe8 14.Bd2 Nef5 15.e3 h6
16.Rfc1 Rc8 17.a4 a5 18.Bf1 e4 19.Ne1 Nb7 20.Nb5 Nc5 21.Qc2 Qe5 22.b4 axb4
23.Bxb4 Qxd5 24.Bxc5 bxc5 25.Rd1 Qa8 26.Ra3 Rfd8 27.a5 Bc6 28.a6 Rxd1 29.Qxd1 Rd8
30.Qc2 Bf8 31.Ra5 Nd6 32.Nc3 Qa7 33.Qa2 Ba8 34.Ng2 Qb6 35.Nf4 c4 36.Nfd5 Qb3
37.Qxb3 cxb3 38.Nxc7 b2 39.Nxa8 Rxa8 40.a7 Nc4 41.Bxc4 Bb4 42.Rb5 Bxc3 43.Bd5 Rxa7
44.Bxe4 Ra4 45.Bd3 Ra1+ 46.Kg2 Rd1 47.Bc2 Rc1 48.Bd3 Kg7 49.Kf3 Kf6 50.Ke4 Ke6
51.Rb6+ Kd7 52.Kd5 Kc7 53.Rb5 Rd1 54.Kc4 Bg7 55.Be4 Rc1+ 56.Kd5 f5 57.Bd3 Rd1
58.Kc4 Kc6 59.Rc5+ Kb6 60.Rb5+ Ka6 61.Rb3 Rc1+ 62.Kd5+ Ka5 63.e4 Rd1 64.Kc4 fxe4
65.Bxe4 Rd4+ 66.Kc5 Rxe4  0-1

[Event "Oberliga Nord W9798"]
[Site "Germany"]
[Date "1997.??.??"]
[Round "?.4"]
[White "Karwatt, Lothar"]
[Black "Hoerstmann, Martin"]
[Result "1/2-1/2"]
[WhiteElo "2245"]
[BlackElo "2280"]

1.d4 g6 2.Nf3 Bg7 3.g3 Nf6 4.c4 O-O 5.Bg2 d6 6.O-O Nbd7 7.Nc3 e5 8.e4 exd4
9.Nxd4 Re8 10.Re1 a6 11.h3 Rb8 12.Be3 c5 13.Nde2 Ne5 14.b3 b5 15.cxb5 axb5
16.Rc1 b4 17.Nd5 Nxd5 18.Qxd5 Be6 19.Qd1 Rb6 20.f4 Nd7 21.g4 d5 22.Bxc5 Nxc5
23.Rxc5 dxe4 24.Qxd8 Rxd8 25.Bxe4 Rd4 26.Ng3 Rd2 27.Rc2  1/2-1/2

[Event "BL2-O9798"]
[Site "Germany"]
[Date "1997.??.??"]
[Round "2.1"]
[White "Espig, Lutz"]
[Black "Ioseliani, Nana"]
[Result "1-0"]
[WhiteElo "2410"]
[BlackElo "2520"]

1.Nf3 Nf6 2.c4 g6 3.d4 Bg7 4.g3 O-O 5.Bg2 d6 6.O-O Nbd7 7.Qc2 e5 8.Rd1 Qe7
9.Nc3 c6 10.b3 Re8 11.e3 exd4 12.Nxd4 Nc5 13.Bb2 Bd7 14.Re1 a5 15.Rad1 h5
16.h3 Nfe4 17.Nxe4 Nxe4 18.Nf3 a4 19.Bxg7 Kxg7 20.Nd2 Ng5 21.Kh2 axb3 22.axb3 f6
23.Qc3 d5 24.h4 Ne4 25.Nxe4 dxe4 26.Bxe4 Bg4 27.f3 Ra2+ 28.Rd2 Qe5 29.Qd3 Rxd2+
30.Qxd2 Bc8 31.Re2 Re7 32.Qd4 Qe6 33.Kg1 Rd7 34.Qa1 Rd6 35.Bc2 b5 36.Qc3 bxc4
37.bxc4 Ba6 38.Bb3 Qh3 39.Rh2 Qd7 40.Bc2 c5 41.g4 Bb7 42.g5 Bxf3 43.gxf6+ Kf8
44.Rf2 Qc6 45.e4 Bxe4 46.Qe3 Rxf6 47.Bxe4 Qd6 48.Qh6+  1-0

[Event "BL2-N9798"]
[Site "Germany"]
[Date "1997.??.??"]
[Round "3.7"]
[White "Sieg, Ulrich"]
[Black "Michna, Christian"]
[Result "1/2-1/2"]
[WhiteElo "2310"]
[BlackElo "2220"]

1.d4 Nf6 2.Nf3 g6 3.g3 Bg7 4.Bg2 O-O 5.c4 d6 6.O-O Nc6 7.Nc3 e5 8.d5 Ne7
9.c5 Ne8 10.cxd6 Nxd6 11.e4 c6 12.dxc6 Nxc6 13.Be3 Bg4 14.h3 Bxf3 15.Bxf3 Nd4
16.Nd5 Nc4 17.Bxd4 exd4 18.Rc1 Nb6 19.Qb3 Nxd5 20.exd5  1/2-1/2

[Event "NRW-Liga II 9697"]
[Site "Germany"]
[Date "1997.??.??"]
[Round "9.1"]
[White "Gruen, Peter"]
[Black "Pieper Emden, Carsten"]
[Result "1-0"]
[WhiteElo "2380"]
[BlackElo "2345"]

1.d4 Nf6 2.Nf3 g6 3.g3 Bg7 4.Bg2 O-O 5.c4 d6 6.Nc3 Nbd7 7.O-O e5 8.e4 Re8
9.h3 c6 10.b3 a6 11.dxe5 dxe5 12.Be3 Qe7 13.Qc2 b5 14.Nd2 Bb7 15.a3 Rec8
16.b4 a5 17.c5 a4 18.Rae1 Rd8 19.f4 Ne8 20.Nd5 cxd5 21.exd5 Nb8 22.c6 Bc8
23.Bb6 Rd6 24.Bc5 Na6 25.fxe5 Bxe5 26.Nf3 f6 27.Nxe5 fxe5 28.Qc3 Nxc5 29.bxc5 Qa7
30.Kh2 Rd8 31.Rxe5 Bf5 32.g4 Bc8 33.d6  1-0

[Event "Goetzis IM4"]
[Site "Goetzis"]
[Date "1997.??.??"]
[Round "7"]
[White "Amann, Guenter"]
[Black "Sonnberger, Reinhard"]
[Result "1/2-1/2"]
[WhiteElo "2280"]
[BlackElo "2255"]

1.d4 Nf6 2.Nf3 d6 3.c4 g6 4.g3 Bg7 5.Bg2 O-O 6.O-O Nbd7 7.Nc3 e5 8.e4 Re8
9.h3 c6 10.Re1 exd4 11.Nxd4 Qb6 12.b3 a5 13.Be3 Nc5 14.Qc2 Bd7 15.Rad1 Rad8
16.f4 Bc8 17.Bf2 Qc7 18.Re2 h5 19.Rde1 b6 20.a3 Bd7  1/2-1/2

[Event "Graz op"]
[Site "Graz"]
[Date "1997.??.??"]
[Round "2"]
[White "Loebler, Heimo"]
[Black "Gradwohl, Johann"]
[Result "1-0"]
[WhiteElo "2255"]
[BlackElo "2180"]

1.d4 Nf6 2.c4 g6 3.Nf3 Bg7 4.g3 O-O 5.Bg2 d6 6.O-O Nc6 7.d5 Na5 8.Nbd2 c5
9.e4 a6 10.Rb1 b5 11.b3 Rb8 12.Qc2 bxc4 13.bxc4 Bd7 14.Bb2 Qc7 15.Bc3 e5
16.Rxb8 Rxb8 17.Rb1 Rxb1+ 18.Qxb1 Nb7 19.Qb2 Ne8 20.Ne1 g5 21.Nc2 f5 22.exf5 Bxf5
23.Ne3 Bg6 24.Be4 Bxe4 25.Nxe4 h6 26.Nf5 Bf8 27.Kg2 Kf7 28.Qe2 Nf6 29.Qf3 g4
30.Nxh6+  1-0

[Event "Graz op"]
[Site "Graz"]
[Date "1997.??.??"]
[Round "5"]
[White "Raffalt, Manfred"]
[Black "Loebler, Heimo"]
[Result "0-1"]
[WhiteElo "2185"]
[BlackElo "2255"]

1.d4 Nf6 2.c4 g6 3.g3 Bg7 4.Bg2 O-O 5.Nf3 d6 6.Nc3 Nc6 7.O-O Rb8 8.b3 a6
9.Bb2 b5 10.cxb5 axb5 11.d5 Na5 12.Nd4 b4 13.Na4 Bd7 14.Rc1 Bxa4 15.bxa4 Nd7
16.Nc6 Nxc6 17.Bxg7 Kxg7 18.dxc6 Nc5 19.Rc4 e5 20.f4 f6 21.f5 Qc8 22.Bd5 Qa6
23.Rg4 Qc8 24.Qd2 b3 25.axb3 Nxb3 26.Qc2 Nd4 27.Qa2 Qa6 28.e3 Ne2+ 29.Kg2 Nc3
30.Qc4 Qxc4 31.Bxc4 Rb4 32.h3 e4 33.Be6 g5 34.Rc1 Nxa4  0-1

[Event "Groningen op"]
[Site "Groningen"]
[Date "1997.??.??"]
[Round "6"]
[White "Schlosser, Philipp"]
[Black "Van Haastert, Edwin"]
[Result "1-0"]
[WhiteElo "2550"]
[BlackElo "2345"]

1.d4 Nf6 2.Nf3 g6 3.c4 Bg7 4.g3 O-O 5.Bg2 d6 6.O-O c6 7.Nc3 Qb6 8.b3 e5 9.e3 e4
10.Nd2 d5 11.Ba3 Re8 12.b4 Qd8 13.b5 Bg4 14.Qa4 Qd7 15.Rfc1 Rd8 16.Rab1 Bh3
17.bxc6 bxc6 18.Bxh3 Qxh3 19.cxd5 cxd5 20.Be7 Rd7 21.Bxf6 Bxf6 22.Nb5 Bd8
23.Rc8 Kg7 24.Nc3  1-0

[Event "Groningen op"]
[Site "Groningen"]
[Date "1997.??.??"]
[Round "8"]
[White "Schlosser, Philipp"]
[Black "Poldauf, Dirk"]
[Result "1-0"]
[WhiteElo "2550"]
[BlackElo "2455"]

1.d4 Nf6 2.Nf3 g6 3.c4 Bg7 4.g3 O-O 5.Bg2 d6 6.O-O Nbd7 7.Qc2 e5 8.Rd1 Re8
9.dxe5 dxe5 10.e4 c6 11.h3 Qe7 12.Be3 Nc5 13.Nc3 Nfd7 14.b4 Ne6 15.Rab1 Rf8
16.b5 Ndc5 17.bxc6 bxc6 18.Na4 f5 19.exf5 Nd4 20.Nxd4 exd4 21.Bg5 Qxg5 22.Nxc5 Bxf5
23.Nd3 Qf6 24.Rb7 a5 25.Rc7 Rac8 26.Rxc8 Rxc8 27.Qa4 Bxd3 28.Rxd3 Qf5 29.Qc2 Qc5
30.Rb3 Re8 31.Bf3 a4 32.Rb7 a3 33.Kg2 Rd8 34.Qd3 Re8 35.Rc7 Re6 36.Bd5 Qd6
37.Bxe6+ Qxe6 38.Qf3 Be5 39.Rxc6  1-0

[Event "Groningen op"]
[Site "Groningen"]
[Date "1997.??.??"]
[Round "9"]
[White "Sulipa, Aleksandar"]
[Black "Krakops, Maris"]
[Result "0-1"]
[WhiteElo "2415"]
[BlackElo "2530"]

1.d4 Nf6 2.c4 g6 3.Nf3 Bg7 4.g3 O-O 5.Bg2 d6 6.O-O Nc6 7.Nc3 a6 8.Re1 Rb8
9.Rb1 Re8 10.b4 e5 11.d5 Nd4 12.Nd2 h5 13.e3 Nf5 14.Qc2 h4 15.Ba3 hxg3 16.hxg3 Ng4
17.b5 b6 18.bxa6 Ra8 19.Bb4 Rxa6 20.Nb5 Bh6 21.Nf1 Nf6 22.a4 Nd7 23.Ra1 Bg7
24.a5 Nc5 25.Ra3 bxa5 26.Rxa5 e4 27.Rxa6 Bxa6 28.Bxc5 dxc5 29.Bxe4 Nd6 30.Bd3 Qd7
31.Na7 Bb7 32.Rb1 Ra8 33.Nb5 Nxb5 34.Rxb5 c6 35.dxc6 Bxc6 36.Be4 Ra1 37.Rb8+ Kh7
38.Bxc6 Qxc6 39.Rb1 Ra3 40.Qe2 Qe4 41.Rb5 Qc6 42.Qg4 Ra8 43.Qg5 Rc8 44.Nd2 Bc3
45.Nb3 Bb4 46.Qf4 Qe6 47.Rb7 Kg7 48.Nd4 Qf6 49.Nf3 Ba5 50.Qg4 Rh8 51.Kg2 Rh5
52.Qe4 Bc3 53.Rc7 Qd6 54.Qb7 Qe6 55.Nh4 Bf6 56.Qf3 Bxh4 57.gxh4 Qxc4 58.Qg3 Qe4+
59.Kh3 g5 60.f3 Rxh4+ 61.Kg2 Qc2+ 62.Qf2 Rh2+  0-1

[Event "Groningen op"]
[Site "Groningen"]
[Date "1997.??.??"]
[Round "10"]
[White "Schlosser, Philipp"]
[Black "Thipsay, Praveen Mahadeo"]
[Result "1/2-1/2"]
[WhiteElo "2550"]
[BlackElo "2515"]

1.d4 Nf6 2.Nf3 g6 3.c4 Bg7 4.g3 O-O 5.Bg2 d6 6.O-O Nbd7 7.Nc3 e5 8.e4 c6
9.h3 Re8 10.Re1 exd4 11.Nxd4 Nc5 12.b3 Nfd7 13.Be3 a5 14.Qc2 Qe7 15.Rad1 Nf8
16.Qd2 Be6 17.Bh6 Bxh6 18.Qxh6 Qf6 19.Qd2 Red8 20.f4 Bd7 21.Nde2 Be8 22.Qe3 Qe7
23.Nd4 f6 24.Rd2 Qc7 25.Red1 Bf7 26.Kh2 a4 27.b4 Ncd7 28.Bf1 Nb6 29.c5 dxc5
30.bxc5 Nc4 31.Bxc4 Bxc4 32.Nf3 Rxd2+ 33.Rxd2 Rd8 34.Nxa4 Rxd2+ 35.Qxd2 Qd7
36.Nc3 Qxd2+ 37.Nxd2 Bd3 38.Nb3 Ne6 39.e5 fxe5 40.fxe5 Bc2 41.Na1  1/2-1/2